01136nab a2200217 i 4500001000400000003000400004005001700008008003900025040000800064041000800072044000800080100010100088245012600189260001000315500002100325520031100346773019600657942001200853999001500865952003800880BPPBPK20180313085254.0160128s2013 sz | | |000 ||eng cBPK aeng aCHE aWIERZCHOLSKI, Krzysztof.d1996 - .bPolitechnika Koszalińska - Instytut Technologii i Edukacji aTemperature and adhesion influence on the microbearings operating parameters /cKrzysztof Wierzcholski, Andrzej Miszczak. c2013. aDane z autopsji. aIn presented paper are elaborated the preliminary problems of thermo-hydrodynamic theory of lubrication for dependences between temperature, adhesive forces, and oil dynamic viscosity, in micro-scale inside super thin cylindrical boundary layer arising between two cooperating grooved cylindrical surfaces. iW :tSolid State Phenomena. -dZurich-Durnten : Trans Tech Publications, 2013. -gVol. 199, s. 176-181. -kMechatronic Systems and Materials V / ed. by Zdzislaw Gosiewski and Zbigniew Kulesza cPO2UKD c6869d6869 00104070aBPKbBPKo102542yART